The complete illustrated works of Lewis Carroll (Record no. 173310)

000 -LEADER
fixed length control field 00739cam a2200241 a 4500
001 - CONTROL NUMBER
control field 3851750
003 - CONTROL NUMBER IDENTIFIER
control field Nust
005 - DATE AND TIME OF LATEST TRANSACTION
control field 20220831095618.0
008 - FIXED-LENGTH DATA ELEMENTS--GENERAL INFORMATION
fixed length control field 870330s1982 enka 000 1 eng c
010 ## - LIBRARY OF CONGRESS CONTROL NUMBER
LC control number 87672540
020 ## - INTERNATIONAL STANDARD BOOK NUMBER
International Standard Book Number 9780753724705
040 ## - CATALOGING SOURCE
Original cataloging agency MH
Transcribing agency MH
Modifying agency DLC
050 14 - LIBRARY OF CONGRESS CALL NUMBER
Classification number PR4611
Item number .A4x 1984
082 ## - DEWEY DECIMAL CLASSIFICATION NUMBER
Classification number 823
Author Mark CAR
100 1# - MAIN ENTRY--PERSONAL NAME
Personal name Carroll, Lewis,
Dates associated with a name 1832-1898.
9 (RLIN) 11981
240 10 - UNIFORM TITLE
Uniform title Works.
Form subheading Selections.
Date of a work 1982
245 14 - TITLE STATEMENT
Title The complete illustrated works of Lewis Carroll
Statement of responsibility, etc. [illustrated by John Tenniel ... et al.].
260 ## - PUBLICATION, DISTRIBUTION, ETC.
Place of publication, distribution, etc. London :
Name of publisher, distributor, etc. Chancellor,
Date of publication, distribution, etc. 1982
300 ## - PHYSICAL DESCRIPTION
Extent 934 p. :
Other physical details ill. ;
Dimensions 22 cm.
700 1# - ADDED ENTRY--PERSONAL NAME
Personal name Tenniel, John,
Dates associated with a name 1820-1914.
9 (RLIN) 27984
906 ## - LOCAL DATA ELEMENT F, LDF (RLIN)
a 7
b cbc
c orignew
d u
e ncip
f 19
g y-gencatlg
942 ## - ADDED ENTRY ELEMENTS (KOHA)
Source of classification or shelving scheme
Koha item type Book
Holdings
Withdrawn status Lost status Source of classification or shelving scheme Damaged status Not for loan Permanent Location Current Location Shelving location Date acquired Total Checkouts Full call number Barcode Date last seen Date last checked out Copy number Price effective from Koha item type
          Central Library (CL) Central Library (CL) Fiction 01/21/2017 3 823 CAR CL2001 09/29/2021 12/16/2018 1 01/21/2017 Book
© 2023 Central Library, National University of Sciences and Technology. All Rights Reserved.